000 00850nam a2200229Ii 4500
003 JO-AjNU
008 230605s9999||||xx |||||||||||||| ||und||
017 _a2008/3468
020 _a977-237-329-7
040 _aJO-AjNU
_bara
_erda
_cJO-AjNU
041 _aara
050 1 4 _aHF5414.2009
100 3 _aحسن، محمد عبد الغني/رضوى محمد هلال,
_eauthor
_944361
245 0 0 _aالتسويق الاجتماعي: ادارة راس المال الاجتماعي=Social Markting
264 3 1 _aالقاهرة:مركز تطوير الاداء والتنمية؛2009
300 _a160ص
336 _atext
_btxt
_2rdacontent
337 _aunmediated
_bn
_2rdamedia
338 _avolume
_bnc
_2rdacarrier
490 0 _aسلسلة تطوير الاداء الاجتماعي ؛4
650 4 _aالتسويق الاجتماعي
_944362
999 _aA19147
_c22715
_d22715